Statistiques concernant Effectif Toronto Raptors (2017-2018)

Cliquez ici pour prendre le quiz!

Statistiques générales

  • Ce quiz a été pris 11 fois
  • Le résultat moyen est 8 sur 17

Statistiques - réponses

Numero Poste Réponse % Correct
10Arrière, AilierDeMar DeRozan
100%
7MeneurKyle Lowry
91%
9Ailier fortSerge Ibaka
82%
17PivotJonas Valančiūnas
82%
23MeneurFred VanVleet
73%
EntraîneurDwane Casey
64%
43Ailier fortPascal Siakam
55%
24ArrièreNorman Powell
45%
0AilierC.J. Miles
45%
3Ailier, Ailier fortOG Anunoby
45%
4Meneur, ArrièreLorenzo Brown
36%
92PivotLucas Nogueira
27%
42PivotJakob Pöltl
27%
22ArrièreMalachi Richardson
18%
55Arrière, MeneurDelon Wright
18%
34AilierAlfonzo McKinnie
18%
13AilierMalcolm Miller
9%

Distribution des résultats

Percentile by Number Answered

% des personnes avec chaque résultat

Votre développement - résultats

Vous n’avez pas pris ce quiz